[Event "Kuban 99"]
[Site "Krasnodar RUS"]
[Date "1999.11.23"]
[Round "11"]
[White "Poluljahov,A"]
[Black "Maiorov,O"]
[Result "1/2-1/2"]
[WhiteElo "2554"]
[BlackElo "2458"]

1.Nf3 d5 2.c4 c6 3.d4 e6 4.Nbd2 f5 5.g3 Nf6 6.Bg2 Bd6 7.O-O Nbd7 8.Qc2 O-O
9.Ne1 Qe7 10.Nd3 b6 11.Nf3 Bb7 12.Bf4 Rfc8 13.Qa4 c5 14.cxd5 Bxd5 15.Qa3 Ne4
16.Bxd6 Nxd6 17.Nf4 Be4 18.dxc5 Nxc5 19.Rfd1 a5 20.Rac1 Rd8 21.h4 Qf6 22.Ng5 Bxg2
23.Kxg2 Nde4 24.Nxe4 fxe4 25.b4 axb4 26.Qxb4 Rab8 27.Qc4 Qf7 28.Qc3 Qf6 29.Qb4 h6
30.Rb1 Rf8 31.Rd6 g5 32.hxg5 hxg5 33.Nh3 e3 34.f3 Qe5 35.Rxb6 Rxb6 36.Qxb6 g4
37.Ng1 Ne4 38.Qxe3 Qxg3+ 39.Kf1 gxf3 40.exf3 Ng5 41.Rb3 e5 42.Qf2 Qxf2+ 43.Kxf2 e4
44.a4 exf3 45.Nxf3 Ne4+ 46.Kg2 Ra8 47.Ra3 Ra5  1/2-1/2

[Event "City-ch"]
[Site "Mar del Plata ARG"]
[Date "1999.11.25"]
[Round "5"]
[White "Palermo,V"]
[Black "Braga,F"]
[Result "1/2-1/2"]
[WhiteElo "2220"]
[BlackElo "2461"]

1.Nf3 d5 2.c4 d4 3.g3 Nc6 4.d3 e5 5.Bg2 Nf6 6.O-O a5 7.e3 Be7 8.exd4 exd4
9.Na3 Nd7 10.Re1 O-O 11.Nb5 Nc5 12.Bf4 Ne6 13.Bd2 Nb4 14.Bf1 Re8 15.Na3 Nc5
16.Bxb4 axb4 17.Nc2 Ne6 18.Qd2 c5 19.b3 b5 20.cxb5 Ra5 21.Ne5 Rxb5 22.Bg2 Bb7
23.f4 Bd6 24.Nc4  1/2-1/2

[Event "7th Young Masters"]
[Site "Loures POR"]
[Date "1999.11.29"]
[Round "7"]
[White "Vassallo,M"]
[Black "Vitor,A"]
[Result "1-0"]
[WhiteElo "2391"]
[BlackElo "2310"]

1.Nf3 d5 2.c4 c6 3.b3 Bf5 4.Bb2 e6 5.g3 h6 6.Bg2 Nf6 7.O-O Nbd7 8.d3 Bc5
9.Nbd2 O-O 10.Qc2 Bh7 11.a3 a5 12.Bc3 Qe7 13.Qb2 Rfe8 14.b4 axb4 15.axb4 Bd6
16.c5 Bc7 17.d4 Ne4 18.Nxe4 Bxe4 19.b5 Rab8 20.Ra7 Rec8 21.Rfa1 f5 22.Qd2 Qe8
23.b6 Bd8 24.Bf1 Qh5 25.Ne1 Bg5 26.e3 Nf6 27.f4 Bh4 28.gxh4 Kh8 29.Qf2 g5
30.Be2 g4 31.Nd3 Rg8 32.Be1 Bf3 33.Ne5 Ne4 34.Qf1 Qe8 35.Bg3 Nc3 36.Bxf3 gxf3
37.Qxf3 h5 38.Kh1 Kh7 39.Rg1 Kh6 40.Be1 Rxg1+ 41.Kxg1 Qg8+ 42.Qg2  1-0

[Event "Eu Team Ch"]
[Site "Batumi GEO"]
[Date "1999.11.30"]
[Round "2"]
[White "Gillen,A"]
[Black "Rocha,S"]
[Result "1/2-1/2"]
[WhiteElo "2264"]
[BlackElo "2427"]

1.Nf3 d5 2.c4 e6 3.b3 Nf6 4.Bb2 Be7 5.e3 O-O 6.Be2 b6 7.O-O Bb7 8.d4 a5 9.Nc3 Na6
10.a3 Rc8 11.Ne5 c5 12.cxd5 exd5 13.Bd3 Nc7 14.Nb5 Nxb5 15.Bxb5 Qd6 16.Qd3 Qe6
17.Rac1 Rfd8 18.f3 Nh5 19.a4 Bd6 20.g4 Nf6 21.Qd2 Ne8 22.Bd3 Qe7 23.Bb1 f6
24.Nd3 Nc7 25.Nf4 Re8 26.Ng2 Rcd8 27.Bc3 Ne6 28.f4 Nf8 29.Rce1 Ba6 30.Rf3 c4
31.bxc4 Bxc4 32.Bc2 Qf7 33.f5 Rc8 34.Nf4 Bxf4 35.exf4 Qc7 36.Rc1 Re7 37.Bd3 h6
38.Bb2 Nh7 39.h4 Qd8 40.Ba3 Rec7 41.Bf1 Rc6 42.Rfc3  1/2-1/2

[Event "Belgian Interteams 1999-2000"]
[Site "Antwerp BEL"]
[Date "1999.11.??"]
[Round "5"]
[White "Luminet,D"]
[Black "Peek,Mar"]
[Result "1/2-1/2"]
[WhiteElo "2285"]
[BlackElo "2294"]

1.Nf3 d5 2.c4 e6 3.b3 Nf6 4.Bb2 c5 5.e3 Nc6 6.cxd5 exd5 7.Bb5 Bd6 8.O-O O-O
9.d4 Bg4 10.dxc5 Bxc5 11.Nbd2 Rc8 12.Rc1 Bd6 13.h3 Bh5 14.a3 Bb8 15.Bxc6 bxc6
16.b4 a5 17.Qa4 axb4 18.axb4 Qd6 19.Be5 Qe7 20.Bxb8  1/2-1/2

[Event "ch-ARG Najdorf mem"]
[Site "Buenos Aires ARG"]
[Date "1999.12.01"]
[Round "10"]
[White "Panno,O"]
[Black "Spangenberg,H"]
[Result "1/2-1/2"]
[WhiteElo "2454"]
[BlackElo "2531"]

1.Nf3 d5 2.c4 e6 3.g3 Nf6 4.Bg2 c6 5.Qc2 Be7 6.O-O O-O 7.d4 b6 8.Rd1 Nbd7
9.b3 Ba6 10.Nbd2 Rc8 11.e4 c5 12.exd5 exd5 13.Bb2 Re8  1/2-1/2

[Event "Eu Team Ch (women)"]
[Site "Batumi GEO"]
[Date "1999.12.02"]
[Round "4"]
[White "Demina,J"]
[Black "Botsari,A"]
[Result "1-0"]
[WhiteElo "2377"]
[BlackElo "2309"]

1.Nf3 d5 2.c4 d4 3.g3 g6 4.Bg2 Bg7 5.O-O e5 6.d3 Ne7 7.b4 c5 8.bxc5 Nd7 9.Nbd2 Nxc5
10.Ba3 Qc7 11.Nb3 Ne6 12.Qd2 f6 13.e3 dxe3 14.Qxe3 Nf5 15.Qe1 a5 16.Rd1 a4
17.Nbd2 Kf7 18.Ne4 Rd8 19.Nc3 Qa5 20.Nd5 Qxe1 21.Rfxe1 b5 22.Nc3 bxc4 23.Nxe5+ fxe5
24.Bxa8 cxd3 25.Bd5 Rxd5 26.Nxd5 Bb7 27.Rxd3 Nfd4 28.Nc3 Ng5 29.Rb1 Nh3+
30.Kf1 Ba6 31.Rd1 Ng5 32.Nxa4 e4 33.Nc5 Bc4 34.Nxe4 Nxe4 35.Kg2 Bxd3 36.Rxd3 Ke6
37.Bf8 Nc2 38.Rd8 Bd4 39.Re8+ Kd5 40.Kf3 Nc3 41.a3 h5 42.h4 Bf6 43.Bb4 Nb5
44.Rg8 Nbd4+ 45.Kg2 Nf5 46.Rxg6 Bxh4 47.Ra6 Bd8 48.Bc3 Kc4 49.Bf6 Kb5 50.Re6 Bc7
51.Be5 Bd8 52.Bb2 Bc7 53.Rf6 Ne1+ 54.Kf1 Nxg3+ 55.Kxe1 Ba5+ 56.Kd1 Ne4 57.Rf5+ Ka6
58.f3 Ng3 59.Rf6+ Kb5 60.Bd4  1-0

[Event "Open"]
[Site "Las Palmas ESP"]
[Date "1999.12.02"]
[Round "2"]
[White "Rausis,I"]
[Black "Gonzalez Intelangelo,G"]
[Result "1-0"]
[WhiteElo "2496"]
[BlackElo "2228"]

1.Nf3 d5 2.c4 c6 3.d4 Nf6 4.Qc2 e6 5.g3 Be7 6.Bg2 b6 7.O-O Bb7 8.Rd1 Nbd7
9.b3 Rc8 10.Nc3 O-O 11.e4 dxe4 12.Nxe4 Nxe4 13.Qxe4 Nf6 14.Qc2 Qe8 15.Ne5 Nd7
16.Nd3 Bf6 17.Bb2 Qe7 18.a4 Rfe8 19.Re1 Qd6 20.Rad1 Qc7 21.b4 c5 22.Bxb7 Qxb7
23.dxc5 Bxb2 24.Qxb2 bxc5 25.b5 Qc7 26.Ne5 Nxe5 27.Qxe5 Qa5 28.Rd7 Qxa4 29.Ra1 Qxc4
30.Raxa7 Red8 31.Rxf7 Rd1+ 32.Kg2 Qf1+ 33.Kf3 Rd3+ 34.Kg4 h5+ 35.Kh4 Rd4+
36.f4  1-0

[Event "Eu Team Ch (women)"]
[Site "Batumi GEO"]
[Date "1999.12.06"]
[Round "8"]
[White "Macek,V"]
[Black "De Blecourt,S"]
[Result "1-0"]
[WhiteElo "2199"]
[BlackElo "2025"]

1.Nf3 d5 2.c4 c6 3.e3 Nf6 4.Nc3 g6 5.d4 Bg7 6.Bd3 O-O 7.O-O Bg4 8.h3 Bxf3
9.Qxf3 Na6 10.a3 Nc7 11.Qe2 Nd7 12.cxd5 cxd5 13.Rd1 f5 14.Rb1 Nf6 15.Bd2 Qd7
16.f4 Rfc8 17.Rdc1 a6 18.Na2 Nce8 19.Bb4 Ne4 20.Bxe4 fxe4 21.b3 a5 22.Rxc8 Qxc8
23.Bxe7 Qd7 24.Bc5 Qc6 25.a4 Rc8 26.Rc1 Qe6 27.Qb5 b6 28.Qxb6 Qxb6 29.Bxb6 Rb8
30.Rc6 Nf6 31.Nc3 Kf7 32.Nb5  1-0

[Event "Open"]
[Site "Las Palmas ESP"]
[Date "1999.12.06"]
[Round "6"]
[White "Sarmiento Alfonso,B"]
[Black "Camino Carrio,N"]
[Result "1/2-1/2"]
[WhiteElo "2383"]
[BlackElo "2162"]

1.Nf3 d5 2.c4 c6 3.d4 Nf6 4.Nc3 dxc4 5.e4 b5 6.e5 Nd5 7.a4 h6 8.axb5 Nxc3
9.bxc3 cxb5 10.Nd2 Be6 11.Be2 Bd5 12.Ba3 Nc6 13.Bf3 e6 14.Bxf8 Kxf8 15.Ne4 a5
16.Nd6 Qd7 17.Bxd5 exd5 18.Qf3 Qe6 19.Nxb5 Rc8 20.O-O g6 21.Nd6 Rb8 22.Qe3 Kg7
23.f4 f5 24.Rfb1 Rb3 25.Rxb3 cxb3 26.Nb7 Qe7 27.Nc5 Rb8 28.Qf3 a4 29.Nxa4 b2
30.Nxb2 Rxb2 31.Qxd5 Qb7 32.h3 Rb1+ 33.Rxb1 Qxb1+ 34.Kh2 Qe4 35.Qxe4 fxe4
36.g4 Na5 37.f5 g5 38.Kg2 Nc4 39.Kf2 Kf7 40.f6 Ke6 41.Ke2 Kf7  1/2-1/2

[Event "Eu Team Ch"]
[Site "Batumi GEO"]
[Date "1999.12.07"]
[Round "9"]
[White "Sommerbauer,N"]
[Black "Stanojoski,Z"]
[Result "0-1"]
[WhiteElo "2401"]
[BlackElo "2480"]

1.Nf3 d5 2.c4 d4 3.b4 g6 4.g3 Bg7 5.d3 e5 6.Nbd2 Ne7 7.Bg2 O-O 8.Nb3 c6 9.O-O Qc7
10.a4 Nd7 11.Ba3 Rb8 12.Qd2 b6 13.e3 dxe3 14.Qxe3 Nf5 15.Qe2 Re8 16.Rae1 Bb7
17.Ng5 Nf8 18.Bb2 c5 19.Bxb7 Qxb7 20.b5 Rbd8 21.a5 Qd7 22.Rd1 h6 23.Ne4 Ne6
24.Qf3 Qe7 25.Ra1 Rd7 26.axb6 axb6 27.Rfd1 Qd8 28.h4 Nd6 29.h5 Nxe4 30.dxe4 Ng5
31.Qe2 gxh5 32.Kg2 Qc8 33.Rxd7 Qxd7 34.Rh1 Rd8 35.Nc1 Qd2 36.Re1 h4 37.gxh4 Ne6
38.Nb3 Nf4+ 39.Kf1 Qxe2+ 40.Rxe2 Nxe2 41.Kxe2 h5 42.Nc1 f6 43.Nd3 Bh6 44.Bc3 Kf7
45.Nb2 Ra8 46.Kd3 Ke6 47.Kc2 Kd6 48.Kb3 Rg8 49.Na4 Kc7 50.Bb2 Rg4 51.Nc3 Kb7
52.Nd5 Bg7 53.f4 Rxh4  0-1

[Event "Open"]
[Site "Las Palmas ESP"]
[Date "1999.12.07"]
[Round "7"]
[White "Brito Garcia,A"]
[Black "Rausis,I"]
[Result "0-1"]
[WhiteElo "2390"]
[BlackElo "2496"]

1.Nf3 d5 2.c4 c6 3.g3 dxc4 4.Bg2 Nf6 5.O-O Nbd7 6.Qc2 Nb6 7.Ne5 Qd4 8.Nxc6 bxc6
9.Bxc6+ Bd7 10.Bxa8 Nxa8 11.d3 cxd3 12.Qb3 Nb6 13.Be3 Qd5 14.Nc3 Qb7 15.Rfd1 dxe2
16.Rd2 e5 17.Nb5 Be7 18.Nxa7 Qxa7 19.Bxb6 Qa6 20.Re1 O-O 21.Bc7 Be6 22.Qd3 Bc4
23.Qc2 Bb4 24.Rdxe2 Bxe1 25.Rxe1 Qxa2 26.Bxe5 Re8  0-1

[Event "4th Comtois It"]
[Site "Belfort FRA"]
[Date "1999.12.17"]
[Round "5"]
[White "Zvjaginsev,V"]
[Black "Hauchard,A"]
[Result "1/2-1/2"]
[WhiteElo "2652"]
[BlackElo "2518"]

1.Nf3 d5 2.c4 d4 3.g3 c5 4.e3 Nc6 5.exd4 cxd4 6.Bg2 e5 7.O-O f6 8.d3 Be6
9.Nbd2 Nh6 10.Qa4 Qd7 11.a3 Nf7 12.Re1 Be7 13.b4 O-O 14.b5 Ncd8 15.Qd1 Re8
16.Rb1 Bh3 17.Bh1 Ne6 18.Nb3 Bg4 19.Qc2 Rac8 20.h4 Nc5 21.Nfd2 Nxb3 22.Qxb3 Nd8
23.a4 Ne6 24.Ba3 Bxa3 25.Qxa3 Bf5 26.Ne4 Bxe4 27.Bxe4 Nc5 28.Bd5+ Kf8 29.Bc6 bxc6
30.Qxc5+ Qe7 31.Qxe7+ Rxe7 32.f4 cxb5 33.cxb5 Rc3 34.fxe5 fxe5 35.a5 Rxd3
36.b6 axb6 37.axb6 Rb7 38.Kg2 Rd2+ 39.Kf3 Rc2 40.Rxe5 Rc6 41.Rf5+ Kg8 42.Rd5  1/2-1/2

[Event "8th Danube Open"]
[Site "Aschach AUT"]
[Date "1999.12.27"]
[Round "2"]
[White "Genser,H"]
[Black "Hainzinger,J"]
[Result "1-0"]
[WhiteElo "2160"]
[BlackElo "2065"]

1.Nf3 d5 2.c4 dxc4 3.Qa4+ c6 4.Qxc4 Nf6 5.g3 Qd5 6.b3 Nbd7 7.Bb2 Nb6 8.Qxd5 Nbxd5
9.Bg2 Nb4 10.Na3 g6 11.O-O Bg7 12.Rfc1 O-O 13.Nc4 Ne4 14.Bxg7 Kxg7 15.d3 Nd6
16.a3 Nd5 17.Nxd6 exd6 18.Nd4 Be6 19.Rc2 a6 20.b4 Rfe8 21.Rac1 Re7 22.h3 Rae8
23.e3 Nc7 24.Nxc6 bxc6 25.Rxc6 Nb5 26.a4 Na7 27.Rxa6 Rb8 28.b5 d5 29.Rc5 Rd7
30.b6 Nc8 31.a5 Ne7 32.d4 Nc8 33.Kh2 h6 34.Bf3 Kf8 35.Kg2 Ke7 36.Bd1 Bf5
37.Ba4 Bd3 38.Bxd7 Bxa6 39.Bc6 Bb7 40.Bxb7 Rxb7  1-0

[Event "Neujahr ELO"]
[Site "Lohmar GER"]
[Date "1999.12.30"]
[Round "5"]
[White "Schott,G"]
[Black "Rozsa,S"]
[Result "1-0"]
[WhiteElo "2118"]
[BlackElo "2152"]

1.Nf3 d5 2.c4 dxc4 3.Na3 Nc6 4.Nxc4 g6 5.d4 e6 6.e3 Nf6 7.Bd3 Bg7 8.Bd2 O-O
9.O-O Ng4 10.h3 Nh6 11.b4 Ne7 12.Rc1 Bd7 13.Nce5 c6 14.Qb3 a6 15.Rc2 Nef5
16.Rfc1 Re8 17.a4 Nd6 18.e4 Re7 19.Bf4 Be8 20.Nc4 Nxc4 21.Bxc4 Bd7 22.Qe3 Qf8
23.Bd6 Kh8 24.Ne5 Qe8 25.Bxe7 Qxe7 26.Qb3 Bf8 27.b5 axb5 28.axb5 Ra3 29.Qb2 Ng8
30.d5 Bg7 31.Qxa3 Bxe5 32.Qxe7 Nxe7 33.dxc6 bxc6 34.b6 c5 35.Ba6 Bd4 36.b7 Nc6
37.Rxc5  1-0

[Event "AUT-chT 9899"]
[Site "AUT"]
[Date "1999.??.??"]
[Round "?"]
[White "Blatny, Pavel"]
[Black "Lautier, Joel"]
[Result "0-1"]
[WhiteElo "2560"]
[BlackElo "2645"]

1.Nf3 d5 2.c4 c6 3.cxd5 cxd5 4.d4 Nc6 5.Nc3 Nf6 6.Bf4 Ne4 7.Nd2 Nxc3 8.bxc3 g6
9.e4 dxe4 10.Nxe4 Bg7 11.Qd2 Qd5 12.f3 O-O 13.Bh6 e5 14.dxe5 Qxd2+ 15.Bxd2 Nxe5
16.Be2 f5 17.Nd6 Rd8 18.Nxc8 Raxc8 19.O-O-O Nd3+ 20.Bxd3 Rxd3 21.Kc2 Rd7
22.Rb1 Kf7 23.Rhd1 b6 24.Rb3 Re8 25.g4 Re2 26.h4 Rh2 27.Rb4 Rf2 28.gxf5 gxf5
29.f4 Bf8 30.Rb3 Rh2 31.c4 Rxh4 32.Be3 Rh2+ 33.Rd2 Rdxd2+ 34.Bxd2 h5 35.Kd1 h4
36.a4 Bc5 37.a5 Kg6 38.Rd3 Rg2 39.Be1 Rg4 40.axb6 axb6 41.Rd8 Rxf4 42.Rh8 Rd4+
43.Ke2 Rxc4 44.Bxh4 Re4+ 45.Kd3 Bd4  0-1

[Event "AUT-chT 9899"]
[Site "AUT"]
[Date "1999.??.??"]
[Round "?"]
[White "Topakian, Raffi"]
[Black "Lehner, Oliver"]
[Result "1-0"]
[WhiteElo "2340"]
[BlackElo "2420"]

1.Nf3 d5 2.c4 e6 3.g3 c5 4.cxd5 exd5 5.Bg2 Nc6 6.O-O Nf6 7.d4 Be7 8.dxc5 Bxc5
9.a3 a6 10.b4 Ba7 11.Nc3 d4 12.Na4 Bg4 13.Bb2 Qd7 14.Rc1 O-O 15.Nc5 Bxc5
16.Rxc5 Rad8 17.Qa1 Rfe8 18.e3 Ne4 19.Nxd4 Nxd4 20.Bxd4 Nxc5 21.bxc5 Bh3
22.Bxh3 Qxh3 23.Bxg7 Qg4 24.Bd4 Re6 25.Qd1 Qf5 26.Kg2 f6 27.Qf3 Qxf3+ 28.Kxf3 Kf7
29.Rb1 Rd7 30.g4 Kg6 31.Kf4 Kf7 32.f3 Rc6 33.Kf5 Re6 34.Rb4 Rc6 35.h4 Rd5+
36.Ke4 Rd7 37.Rb1 Re6+ 38.Kf5 h6 39.Rb4 Rc6 40.Rb2 Re6 41.Rb1 Rd5+ 42.Kf4 Rd7
43.g5 fxg5+ 44.hxg5 hxg5+ 45.Kxg5 Rg6+ 46.Kf5 Rh6 47.f4 Rh5+ 48.Ke4 Rc7 49.Rb6 Rh2
50.Kd5 Rd7+ 51.Kc4 Rc2+ 52.Kb3 Rc1 53.Kb2 Rf1 54.Kc3 Rc1+ 55.Kb4 Rf1 56.Ka5 Ke7
57.Rh6 Rb1 58.Rb6 Rf1 59.Rg6 Rb1 60.f5 Rb5+ 61.Ka4 Rd5 62.Rg7+ Kf8 63.f6 Rf5
64.Rc7 Rb1 65.Bc3 Kg8 66.Bb4 Rxf6 67.Rxb7 Re6 68.Ka5 Rc1 69.Rb6 Rxe3 70.Kxa6 Re4
71.Rb7 Rec4 72.Kb6 Kf8 73.c6+ Ke8 74.Re7+ Kd8 75.Re6 R1c2 76.Rf6 Re4 77.Kb7 Rcc4
78.Rf8+ Re8 79.Ba5+ Ke7 80.Rxe8+ Kxe8 81.Bb6 Ke7 82.c7 Kd6 83.a4  1-0

[Event "AUT-chT 9899"]
[Site "AUT"]
[Date "1999.??.??"]
[Round "?"]
[White "Weinzettl, Ernst"]
[Black "Rabiega, Robert"]
[Result "1/2-1/2"]
[WhiteElo "2410"]
[BlackElo "2520"]

1.Nf3 d5 2.c4 e6 3.b3 Be7 4.Bb2 Bf6 5.Qc2 Bxb2 6.Qxb2 Nf6 7.g3 O-O 8.Bg2 c6
9.O-O Nbd7 10.d3 Qe7 11.Nc3 b6  1/2-1/2

[Event "AUT-chT2O 9899"]
[Site "AUT"]
[Date "1999.??.??"]
[Round "7"]
[White "Sommerbauer, Norbert"]
[Black "Kummer, Helmut"]
[Result "1/2-1/2"]
[WhiteElo "2400"]
[BlackElo "2315"]

1.Nf3 d5 2.c4 e6 3.d4 Nf6 4.Nc3 Be7 5.cxd5 exd5 6.Bg5 c6 7.Qc2 O-O 8.e3 Nbd7
9.Bd3 Re8 10.h3 Nf8 11.O-O-O Be6 12.g4 a6 13.Ne5 N6d7 14.Bxe7 Qxe7 15.f4 Rac8
16.Kb1 f6 17.Nf3 Bf7 18.Rhe1 c5 19.dxc5 Qxc5 20.Nd4 Kh8 21.h4 b5 22.Qf2 Nb6
23.g5 Nc4 24.gxf6 gxf6 25.Bf5 Rc7 26.Rd3  1/2-1/2

[Event "AUT-chT2O 9899"]
[Site "AUT"]
[Date "1999.??.??"]
[Round "9"]
[White "Petzer, Reinhard"]
[Black "Wadsack, Wolfgang"]
[Result "1-0"]
[WhiteElo "2135"]
[BlackElo "2180"]

1.Nf3 d5 2.c4 c6 3.b3 Nf6 4.Bb2 Bg4 5.Ne5 Bf5 6.d3 Nbd7 7.Nd2 Nxe5 8.Bxe5 e6
9.g3 Bc5 10.Bc3 Ng4 11.d4 Bd6 12.Bg2 h5 13.h4 Qc7 14.Nf1 Rd8 15.Qd2 Qe7 16.Ne3 Nxe3
17.Qxe3 O-O 18.Bf3 Bg6 19.c5 Bc7 20.Qg5 Qxg5 21.hxg5 e5 22.Bxh5 e4 23.Bg4 Rfe8
24.Bd2 Re7 25.a3 e3 26.Bxe3 Bxg3 27.Kd2 Rde8 28.Rh3 Bc7 29.Rah1 f5 30.gxf6 gxf6
31.Rg1 Kf7 32.Rh6 f5 33.Bf3 Re6 34.Rhxg6 Rxg6 35.Bh5 Rg8 36.Bg5 Rg7 37.Ke3 Rg8
38.Kf3 Rg7 39.Bf4 Bd8 40.Be5 Rg8 41.Rxg6 Rxg6 42.Kf4  1-0

[Event "Bad Woerishofen op"]
[Site "Bad Woerishofen"]
[Date "1999.??.??"]
[Round "4"]
[White "Deglmann, Ludwig"]
[Black "Mittermaier, Walter"]
[Result "1-0"]
[WhiteElo "2346"]
[BlackElo "2105"]

1.Nf3 d5 2.c4 e6 3.g3 Nf6 4.Bg2 Be7 5.O-O O-O 6.b3 c5 7.Bb2 Nc6 8.cxd5 Nxd5
9.d4 cxd4 10.Nxd4 Nxd4 11.Bxd4 Nb4 12.Na3 Bf6 13.Bxf6 Qxf6 14.Qd6 Na6 15.Rfd1 e5
16.Qxf6 gxf6 17.Rd6 Nc5 18.Rc1 Ne6 19.Nb5 Kg7 20.Nc7 Rb8 21.e3 b6 22.b4 Nd8
23.a4 Bf5 24.e4 Bc8 25.Bf1 Nb7 26.Rd2 Rd8 27.Rxd8 Nxd8 28.Ne8+ Kg6 29.Nd6 Bd7
30.Rc7 Bxa4 31.Rxa7 Bb3 32.b5 Ne6 33.Nxf7 Nc5 34.Nd6 Rd8 35.Bh3 Bg8 36.Bf5+ Kh5
37.Nf7 Rd1+  1-0

[Event "ROM-ch sf"]
[Site "Baile Tusnad"]
[Date "1999.??.??"]
[Round "1"]
[White "Grunberg, Mihai"]
[Black "Brezeanu, Claudiu"]
[Result "1-0"]
[WhiteElo "2445"]
[BlackElo "2185"]

1.Nf3 d5 2.c4 Nf6 3.cxd5 Nxd5 4.Nc3 g6 5.Qa4+ Nc6 6.Ne5 Bd7 7.Nxd7 Qxd7 8.g3 Nb6
9.Qh4 Nd4 10.Qe4 Bg7 11.Bg2 c6 12.e3 f5 13.Qd3 Nf3+ 14.Ke2 Qxd3+ 15.Kxd3 Ng5
16.f4 Nf7 17.Kc2 e5 18.b3 O-O-O 19.Bb2 Rhe8 20.h3 Nd6 21.fxe5 Bxe5 22.g4 Ne4
23.Bxe4 fxe4 24.Raf1 Nd5 25.Nxd5 Bxb2 26.Nf6 Bxf6 27.Rxf6 Re5 28.Rhf1 Rd7
29.Rf7 Rc5+ 30.Kd1 Rcd5 31.Rxd7 Rxd7 32.Rf8+ Kc7 33.Re8 Rf7 34.Rxe4 Kd6 35.Rf4 Re7
36.g5 b6 37.h4 Kc5 38.Ke2 a5 39.d4+ Kd6 40.e4 Kd7 41.a4  1-0

[Event "ROM-ch sf"]
[Site "Baile Tusnad"]
[Date "1999.??.??"]
[Round "3"]
[White "Grunberg, Mihai"]
[Black "Pessi, Emil"]
[Result "1/2-1/2"]
[WhiteElo "2445"]
[BlackElo "2272"]

1.Nf3 d5 2.c4 e6 3.g3 Nf6 4.Bg2 Be7 5.O-O Nbd7 6.d4 O-O 7.Qc2 c5 8.Rd1 b6
9.Ne5 Bb7 10.Qa4 cxd4 11.Nxd7 Nxd7  1/2-1/2

[Event "Barranquilla Mia op"]
[Site "Barranquilla"]
[Date "1999.??.??"]
[Round "1"]
[White "Torres, Alvaro"]
[Black "Mendoza, Rafael"]
[Result "0-1"]
[WhiteElo "1815"]
[BlackElo "2350"]

1.Nf3 d5 2.c4 d4 3.e3 c5 4.Be2 Nc6 5.exd4 cxd4 6.d3 e5 7.O-O Nf6 8.Bg5 Be7
9.a3 a5 10.Re1 O-O 11.h3 h6 12.Bh4 Bf5 13.Nbd2 Re8 14.Bf1 Nd7 15.Bxe7 Qxe7
16.g4 Bh7 17.b4 axb4 18.axb4 Rxa1 19.Qxa1 Nxb4 20.Nxd4 Nc5 21.N2f3 Nbxd3
22.Re3 Qd7 23.Nb5 f6 24.Nc3 Nf4 25.Qa5 Rc8 26.Qb5 Qxb5 27.Nxb5 Ra8 28.Ra3 Ra6
29.Ne1 Kf8 30.Ng2 Rxa3 31.Nxa3 Nxh3+ 32.Kh2 Nxf2 33.Ne3 Be4 34.Nb5 Nfd3 35.Kg3 Nf4
36.Nd6 g6  0-1

[Event "Barranquilla Copa Siglo 21st"]
[Site "Barranquilla"]
[Date "1999.??.??"]
[Round "2"]
[White "Jaramillo, Martin"]
[Black "Penuela, Jorge"]
[Result "1-0"]
[WhiteElo "2035"]
[BlackElo "1770"]

1.Nf3 d5 2.c4 c6 3.b3 Nf6 4.Bb2 g6 5.g3 Bg7 6.Bg2 O-O 7.O-O Re8 8.d3 Nbd7
9.Nbd2 e5 10.Qc2 Ng4 11.e4 dxe4 12.Nxe4 Qc7 13.Rfe1 f5 14.Ned2 b6 15.h3 Ngf6
16.b4 Bb7 17.a4 Rad8 18.a5 Nh5 19.axb6 axb6 20.c5 b5 21.Qb3+ Kh8 22.Ng5 Re7
23.Nf7+ Rxf7 24.Qxf7 Rf8 25.Qe6 Bf6 26.Ra7 Ng7 27.Qd6 Qxd6 28.cxd6 Rb8 29.f4 e4
30.Bxf6 Nxf6 31.dxe4 fxe4 32.Nxe4 Nd7 33.Ng5 Nf5 34.Nf7+ Kg7 35.Ne5  1-0

[Event "Regionalliga SW9899"]
[Site "Bayern"]
[Date "1999.??.??"]
[Round "?"]
[White "Baeurle, Stefan"]
[Black "Reppert, Stefan"]
[Result "1/2-1/2"]
[WhiteElo "1970"]
[BlackElo "1955"]

1.Nf3 d5 2.c4 c6 3.g3 Nf6 4.Bg2 Bf5 5.b3 e6 6.O-O Bd6 7.Bb2 h6 8.d3 O-O 9.Nbd2 Bh7
10.Re1 Nbd7 11.e4 dxe4 12.Nxe4 Bb4 13.Re2 Be7 14.Nxf6+ Bxf6 15.d4 Qa5 16.Qc1 Rad8
17.b4 Qf5 18.a4 Rfe8 19.a5 a6 20.Ra3 g5 21.h3 Kg7 22.g4 Qb1 23.Qxb1 Bxb1
24.Nd2 Bg6 25.b5 Nb8 26.bxa6 Nxa6 27.Rb3 Bxd4 28.Bxd4+ Rxd4 29.Rxb7 Bd3 30.Re3 Bxc4
31.Bxc6 Rb8 32.Re4 Rxd2 33.Rxc4 Ra2 34.Rxb8 Nxb8 35.Ra4 Rb2 36.a6 Nxc6 37.a7 Nxa7
38.Rxa7 Kg6 39.Rc7 f5 40.Rc6 Rb4  1/2-1/2

[Event "Regionalliga SO9899"]
[Site "Bayern"]
[Date "1999.??.??"]
[Round "?"]
[White "Schlosser, Andre"]
[Black "Huch, Rainer"]
[Result "0-1"]
[WhiteElo "2155"]
[BlackElo "2205"]

1.Nf3 d5 2.c4 dxc4 3.Na3 Nf6 4.Nxc4 c5 5.g3 Nc6 6.Bg2 e6 7.d3 Be7 8.O-O O-O
9.Bd2 Nd5 10.Qb3 f6 11.Rac1 Rb8 12.a4 Kh8 13.Ne3 Nc7 14.Bc3 e5 15.Nh4 Be6
16.Nc4 Qd7 17.Rfd1 Nd4 18.Bxd4 cxd4 19.Qa2 Na6 20.b3 Nb4 21.Qd2 Nd5 22.Rf1 Bb4
23.Qc2 Rfc8 24.Bxd5 Bxd5 25.Ng2 b6 26.e4 dxe3 27.Ngxe3 Bf3 28.Ng2 g5 29.Qb2 Qh3
30.Nce3 Rg8 31.Rc4 Rg6 32.Rxb4 Rh6 33.Rh4 gxh4 34.g4 Rg8 35.Qd2 Rxg4 36.Nxg4 Qxg2+  0-1

[Event "Regionalliga SO9899"]
[Site "Bayern"]
[Date "1999.??.??"]
[Round "?"]
[White "Forster, Gert"]
[Black "Muharemagic, Asim"]
[Result "1/2-1/2"]
[WhiteElo "2065"]
[BlackElo "2025"]

1.Nf3 d5 2.c4 e6 3.g3 c5 4.Bg2 Nc6 5.O-O Nf6 6.b3 Be7 7.Bb2 O-O 8.cxd5 exd5
9.d4 Re8 10.Nbd2 Ne4 11.Ne5 Nxd4 12.e3 Nf5 13.Nxe4 dxe4 14.Qxd8 Bxd8 15.Bxe4 Nd6
16.Bd5 Be6 17.Bg2 f6 18.Nd3 Rc8 19.Rfd1 Be7 20.Nf4 Bf7 21.Nd5 Bf8 22.Rd2 c4
23.Bd4 Ne4 24.Bxe4 Rxe4 25.bxc4 Rxc4 26.Bxa7 Re5 27.Nb6 Rc6 28.Nd7 Ra5 29.Nxf8 Kxf8
30.Bd4 Rca6 31.a3 Ke8 32.Bb2 Rd5 33.Bd4 Be6 34.Rb2 Rd7 35.Bc5 Bd5 36.Bb4 Rc6
37.Re1 Rc4 38.Rd2 Bc6 39.Rxd7 Kxd7 40.h4 Ke6 41.Rd1 Kf7 42.f4 Rc2 43.Rd2 Rxd2
44.Bxd2 h5 45.Kf2 f5 46.Ke2 Ke6  1/2-1/2

[Event "Regionalliga NO9899"]
[Site "Bayern"]
[Date "1999.??.??"]
[Round "?"]
[White "Woerle, Heinrich"]
[Black "Huettl, Guenther"]
[Result "0-1"]
[WhiteElo "1825"]
[BlackElo "2020"]

1.Nf3 d5 2.c4 c6 3.cxd5 cxd5 4.d4 Nc6 5.Nc3 Nf6 6.g3 h6 7.Bg2 e6 8.O-O Bd6
9.Bf4 O-O 10.Bxd6 Qxd6 11.e3 Bd7 12.Re1 Rfd8 13.a3 Rac8 14.Rc1 Be8 15.Re2 Nd7
16.e4 dxe4 17.Nxe4 Qb8 18.Rd2 Nb6 19.Nc5 Nd5 20.Ne1 Nce7 21.Ne4 Nf5 22.Nc3 Bc6
23.Nxd5 Bxd5 24.Rxc8 Qxc8 25.Bxd5 Rxd5 26.f4 b5 27.Nf3 Rd6 28.g4 Ne3 29.Qe2 Nxg4
30.Qxb5 Ne3 31.Kf2 Nd5 32.Kg3 Rb6 33.Qd3 Qb8 34.Qe4 Rxb2 35.Rxb2 Qxb2 36.f5 Qxa3  0-1

[Event "Regionalliga NO9899"]
[Site "Bayern"]
[Date "1999.??.??"]
[Round "?"]
[White "Stuermer, Martin"]
[Black "Schumacher, Albrecht"]
[Result "0-1"]
[WhiteElo "1900"]
[BlackElo "2080"]

1.Nf3 d5 2.c4 e6 3.e3 Nf6 4.Nc3 Be7 5.Be2 c5 6.d4 cxd4 7.exd4 dxc4 8.Bxc4 Nc6
9.O-O O-O 10.h3 b6 11.Be3 Bb7 12.Qe2 Nb4 13.Rac1 Rc8 14.a3 Bxf3 15.gxf3 Nbd5
16.Ne4 Nh5 17.Bxd5 Qxd5 18.Qa6 Qd7 19.Kg2 Nf6 20.Nc3 Bd6 21.a4 Bb8 22.Qb5 Qd6
23.f4 g6 24.Rfd1 Nh5 25.Ne2 Qe7 26.d5 Qb7 27.Kg1 Rxc1 28.Rxc1 exd5 29.Rd1 Rd8
30.a5 Bc7 31.a6 Qc8 32.Rxd5 Rxd5 33.Qxd5 Qxa6 34.Qa8+ Kg7 35.Bd4+ f6 36.Qe8 Qc4
37.f5 Qf7 38.Qa8 gxf5 39.Kf1 Be5 40.Qg2+ Kh6 41.Qf3 Bxd4 42.Nxd4 Qc4+ 43.Ne2 Qe4
44.Qa3 f4 45.Ng1 a5 46.Nf3 Ng7 47.Qc3 Qf5 48.Nh4 Qe5 49.Qb3 b5 50.Nf3 Qe4
51.Nd2 Qf5 52.Kg2 Ne6 53.Nf3 Ng5 54.h4 Qh3+  0-1

[Event "Regionalliga NO9899"]
[Site "Bayern"]
[Date "1999.??.??"]
[Round "?"]
[White "Stierhof, Michael"]
[Black "Roeder, Frank"]
[Result "1/2-1/2"]
[WhiteElo "2115"]
[BlackElo "2225"]

1.Nf3 d5 2.c4 c6 3.b3 f6 4.d4 Bg4 5.Qd3 e6 6.e4 dxe4 7.Qxe4 Bxf3 8.gxf3 Bb4+
9.Bd2 Qe7 10.c5 Bxd2+ 11.Nxd2 f5 12.Qc2 Nf6 13.O-O-O O-O 14.Bc4 Nd5 15.Rhe1 Qf6
16.Re2 Qxd4 17.Rxe6 Nd7 18.Ne4 Qa1+  1/2-1/2

[Event "Regionalliga NO9899"]
[Site "Bayern"]
[Date "1999.??.??"]
[Round "?"]
[White "Schatz, Christian"]
[Black "Wasl, Ernst"]
[Result "1/2-1/2"]
[WhiteElo "2145"]
[BlackElo "2035"]

1.Nf3 d5 2.c4 c6 3.cxd5 cxd5 4.d4 Nf6 5.Nc3 Nc6 6.Bf4 Bf5 7.e3 e6 8.Qb3 Bb4
9.Bb5 Bxc3+ 10.bxc3 O-O 11.Bxc6 bxc6 12.O-O Ne4 13.h3 g5 14.Be5 f6 15.Bh2 g4
16.hxg4 Bxg4 17.Qc2 Bxf3 18.gxf3 Ng5 19.Kg2 Qe8 20.f4 Ne4 21.Bg3 Qg6 22.Rh1 Rf7
23.Rh3 Rg7 24.Rah1 Nxg3 25.Qxg6 Nxh1 26.Qxg7+ Kxg7 27.Rxh1 Rb8 28.Rc1 Rb2
29.c4 Rxa2 30.cxd5 cxd5 31.f5 exf5 32.Rc5 f4 33.exf4 a5 34.Rxd5 a4 35.Ra5 a3
36.d5 h6 37.Kf3 f5 38.Ra7+ Kf8 39.d6 Ke8 40.Ra5 Ra1 41.Rxf5 a2 42.Ra5 h5
43.Ra7 h4 44.Kg2 Rd1 45.Rxa2 Rxd6 46.Ra7 Rf6 47.Ra4 Kf7 48.Kh3 Rg6 49.Ra7+ Kg8
50.Ra5 Rf6 51.Kg4 Rh6 52.Kg5 Rb6 53.Ra8+ Kf7 54.Ra7+ Kg8 55.f5 h3 56.Ra3 h2
57.Rh3 Kg7 58.Rxh2 Rb1 59.Rh3 Rf1 60.Rf3 Rg1+ 61.Rg3 Rf1 62.Kf4+ Kf7 63.f3 Re1
64.Rh3 Kg7  1/2-1/2